=LDR 00000nam 2200000 4500 =001 INLIS000000000013676 =005 20130612105030 =008 ***********************************Ind** =035 ##$$0010-061300000013676 =041 ##$$a Ind =082 ##$$a 658.8 =090 ##$$a 658.8, Cas r =100 ##$$a Cason, Herbert N =245 ##$$a Rahasia menjual dengan sukses, Herbert N. Cason =260 ##$$a 2002 $b Jakarta =300 ##$$a 106 hlm, Ilus, 21 cm =650 ##$$a Manajemen pemasaran =850 ##$$a NBPNMAT